000 00242nam a2200097Ia 4500
005 20251222154349.0
008 251222s9999||||xx |||||||||||||| ||spa||
082 _a643.6/A95
245 0 _aGuía de la decoración: Nuevo estilo 1994
942 _cLIB
999 _c34825
_d34825